Pays sans voyelle #1 - Statistiques

Statistiques générales
  • Ce quiz a été pris 121 fois
  • Le résultat moyen est 17 sur 21
Statistiques - réponses
Hint Réponse % Correct
SR LNK Sri lanka
98%
DNMRK Danemark
97%
PPS NVLL GN Papouasie nouvelle guinée
96%
RSS Russie
96%
FGHNSTN Afghanistan
95%
FRC France
93%
ZRBDJN Azerbaidjan
92%
GHN Ghana
92%
LTTN Lettonie
92%
SNGL Senegal
92%
DMNQ Dominique
91%
MLW Malawi
88%
MLDV Moldavie
88%
TWN Taiwan
87%
CR D SD Corée du sud
81%
RLND Irlande
70%
NTG T BRBD Antigua et barbuda
67%
RTHR Erythrée
50%
NR Nauru
42%
RMN Armenie
34%
GND Ouganda
29%
Aucun quiz correspondant
Distribution des résultats
% des personnes avec chaque résultat
Percentile par nombre de réponses
Votre historique - résultats
Vous n’avez pas pris ce quiz